| 000 | 00462nam a2200169Ia 4500 | ||
|---|---|---|---|
| 008 | 210719s1985 xx 000 0 und d | ||
| 020 | _a0-356-10863-6 | ||
| 041 | _aeng | ||
| 082 | _a658.3 ASHM | ||
| 100 | _aASH (Mary Kay) | ||
| 245 | _aMary Kay on people management | ||
| 260 |
_aGreat Britain _bMacdonald & Co _c1985 |
||
| 300 |
_axix,184 _bHB |
||
| 650 | _aManagement | ||
| 650 | _aPersonnel Management | ||
| 906 | _aKay ; management ; Mary ; on ; people | ||
| 999 |
_c214543 _d214543 |
||